000 00711nam a22002297a 4500
005 20230512221614.0
008 180313t xxu||||| |||| 00| 0 eng d
020 _a9789351110064
040 _cCSPC
082 0 _a025.3132
_bT952l
100 _aTyagi, Deepak
_eauthor.
245 0 0 _aLibrary online cataloging systems
_cDeepak Tyagi
260 _aNew Delhi :
_bRandom Publications.
_c2013.
300 _a300 pages :
_c26 cm.
500 _aIncludes Index.
650 1 0 _aOnline library catalogs
650 1 0 _aLibrary catalogs and users.
940 _aMar
942 _cBOOK
_jCIR 025.3132 T952l 2013
999 _c2659
_d2659